[Event "Motor City Open"]
[Site "Warren, MI"]
[Date "2002.11.30"]
[Round "4.1"]
[White "Finegold, Ben"]
[Black "Everett, Morgan"]
[Result "1-0"]
[WhiteElo "2643"]
[BlackElo "2093"]
[PlyCount "136"]
[EventDate "2002.11.29"]

1. d4 d5 2. c4 e6 3. Nc3 c5 4. cxd5 exd5 5. Nf3 Nc6 6. g3 Nf6 7. Bg2 Be7 8. O-O
O-O 9. b3 Bg4 10. dxc5 Bxc5 11. Bb2 Re8 12. Rc1 Bb6 13. Na4 Ne4 14. Nxb6 axb6
15. a4 Qd7 16. Nd4 Ng5 17. h4 Ne6 18. Nxe6 Qxe6 19. Re1 Rad8 20. Qd2 d4 21. b4
Bh3 22. Bh1 h6 23. Kh2 Bg4 24. b5 Na5 25. Qf4 Nb3 26. Rc7 Rd7 27. Rxd7 Qxd7 28.
Bf3 Bxf3 29. Qxf3 d3 30. e4 Nd2 31. Qf4 Nc4 32. Ba1 d2 33. Rd1 Qd3 34. Qg4 g6
35. Qf4 Qxe4 36. Qxh6 Ne5 37. Bxe5 Rxe5 38. Rxd2 Rd5 39. Rxd5 Qxd5 40. Qe3 Qd6
41. Qe4 Qc7 42. Kg2 Qd7 43. Qe5 Kh7 44. h5 gxh5 45. Qxh5+ Kg7 46. Qg5+ Kh7 47.
g4 Qd6 48. Qf5+ Kg7 49. Qe4 Qd7 50. Kg3 Qc7+ 51. f4 Qc1 52. Qd4+ Kh7 53. Qe4+
Kg7 54. Kh4 Qd2 55. Qe5+ Kf8 56. Kg5 Qd8+ 57. Qf6 Qd5+ 58. f5 Qd2+ 59. Kh5 Qh2+
60. Qh4 Qd2 61. g5 Qc2 62. Qf4 Kg7 63. Kh4 Qd3 64. Qe5+ Kh7 65. g6+ fxg6 66.
Qe7+ Kh6 67. Qg5+ Kg7 68. Qxg6+ Kf8 1-0

[Event "Motor City Open"]
[Site "Warren, MI"]
[Date "2002.11.30"]
[Round "3.22"]
[White "Fick II, Douglas"]
[Black "Vlacic, Mirko"]
[Result "1-0"]
[WhiteElo "1289"]
[BlackElo "1534"]
[PlyCount "71"]
[EventDate "2002.11.29"]

1. e4 g6 2. d4 Bg7 3. c4 d6 4. Nc3 c6 5. Be3 Nd7 6. Nf3 Ngf6 7. Bd3 O-O 8. O-O
Re8 9. Qd2 Ng4 10. Bf4 e5 11. dxe5 dxe5 12. Bg5 f6 13. Bh4 Nc5 14. Bc2 h5 15.
h3 Nh6 16. Rad1 Qb6 17. Bxf6 Nf7 18. Bxg7 Kxg7 19. b3 Qb4 20. Ne2 Qb6 21. Ng5
Qc7 22. Nxf7 Qxf7 23. f4 exf4 24. Nxf4 Qe7 25. Rde1 Qe5 26. Qf2 Be6 27. Nxe6+
Rxe6 28. b4 Na6 29. Qf7+ Kh6 30. Qxb7 Nc7 31. Rf7 Qd4+ 32. Kh1 Qd2 33. Ref1
Qxc2 34. Qxc7 Qxe4 35. Rh7+ Kg5 36. Qg3+ 1-0

[Event "Motor City Open"]
[Site "Warren, MI"]
[Date "2002.11.30"]
[Round "5.24"]
[White "Fick II, Douglas"]
[Black "Salami, Samer"]
[Result "0-1"]
[WhiteElo "1289"]
[BlackElo "1469"]
[PlyCount "47"]
[EventDate "2002.11.29"]

1. e4 e5 2. Nf3 Nc6 3. Bc4 Bc5 4. O-O Nf6 5. d4 Nxd4 6. Nxe5 O-O 7. Be3 Ne6 8.
Bxe6 Bxe3 9. Bxf7+ Kh8 10. fxe3 d6 11. Nc3 c6 12. Nxc6 bxc6 13. Bc4 Qb6 14. Qd2
Bb7 15. Bb3 Ba6 16. Rf3 Ng4 17. Re1 Qc5 18. h3 Rxf3 19. gxf3 Ne5 20. Qg2 Rf8
21. Kh1 Nxf3 22. Qf2 Qh5 23. Be6 Qe8 24. Bg4 0-1

[Event "Motor City Open"]
[Site "Warren, MI"]
[Date "2002.11.30"]
[Round "5.5"]
[White "Ferenti, Cornel"]
[Black "Stojanovski, Zoran"]
[Result "1-0"]
[WhiteElo "2169"]
[BlackElo "1753"]
[PlyCount "75"]
[EventDate "2002.11.29"]

1. e4 e5 2. Nf3 Nf6 3. Nc3 Bb4 4. Nxe5 Qe7 5. Nf3 Bxc3 6. dxc3 Nxe4 7. Be2 d6
8. O-O O-O 9. Re1 Be6 10. Bd3 d5 11. Bxe4 dxe4 12. Rxe4 Qd8 13. Qe2 h6 14. Nd4
Bd7 15. Bf4 a6 16. Rd1 c5 17. Nf5 Qf6 18. Ne7+ Kh8 19. Bxb8 Bb5 20. c4 Bxc4 21.
Qxc4 Raxb8 22. c3 b6 23. Nd5 Qf5 24. Ne3 Qg6 25. f3 Rfd8 26. Qxa6 Rxd1+ 27.
Nxd1 f5 28. Re1 Qd6 29. Qe2 Kh7 30. Qe5 Qf8 31. Ne3 Re8 32. Qd5 f4 33. Nc2 Rd8
34. Qe4+ Kh8 35. Kf2 Qf6 36. g4 fxg3+ 37. hxg3 Qg5 38. Re2 1-0

[Event "Motor City Open"]
[Site "Warren, MI"]
[Date "2002.11.30"]
[Round "3.5"]
[White "Ferenti, Cornel"]
[Black "Garrison, Ray"]
[Result "1-0"]
[WhiteElo "2169"]
[BlackElo "1874"]
[PlyCount "47"]
[EventDate "2002.11.29"]

1. e4 e6 2. d3 d5 3. Nd2 c5 4. Ngf3 Nc6 5. g3 Bd6 6. Bg2 Bd7 7. O-O Rc8 8. exd5
exd5 9. c4 Nge7 10. cxd5 Nxd5 11. Ne4 Be7 12. d4 Bf5 13. Nxc5 Ncb4 14. Qa4+ Kf8
15. Bd2 a5 16. Rfc1 b6 17. Bxb4 Nxb4 18. Nb7 Rxc1+ 19. Rxc1 Qb8 20. Ne5 f6 21.
Nd7+ Bxd7 22. Qxd7 Kf7 23. a3 Nd3 24. Bd5+ 1-0

[Event "Motor City Open"]
[Site "Warren, MI"]
[Date "2002.11.30"]
[Round "5.6"]
[White "Everett, Morgan"]
[Black "Raban, David"]
[Result "1-0"]
[WhiteElo "2093"]
[BlackElo "1668"]
[PlyCount "51"]
[EventDate "2002.11.29"]

1. e4 e6 2. d3 d5 3. Nd2 c5 4. Ngf3 Nc6 5. g3 Bd6 6. Bg2 Nge7 7. O-O O-O 8. Re1
b5 9. Nf1 Qb6 10. h4 c4 11. e5 Bc7 12. Be3 Qb8 13. d4 a5 14. N1h2 Qa7 15. h5
Nf5 16. Ng4 b4 17. c3 a4 18. a3 bxc3 19. bxc3 Rb8 20. Qc2 Rb3 21. Nd2 Rb5 22.
h6 g6 23. Rab1 Ba6 24. Qxa4 Qb6 25. Nf6+ Kh8 26. Nd7 1-0

[Event "Motor City Open"]
[Site "Warren, MI"]
[Date "2002.11.30"]
[Round "3.7"]
[White "Everett, Morgan"]
[Black "Dillabough, Tracey"]
[Result "1-0"]
[WhiteElo "2093"]
[BlackElo "1488"]
[PlyCount "99"]
[EventDate "2002.11.29"]

1. e4 g6 2. d3 Bg7 3. Nf3 c5 4. g3 Nc6 5. Bg2 Qb6 6. c3 d6 7. Nbd2 Qc7 8. O-O
Nf6 9. Re1 O-O 10. Rb1 b5 11. b4 cxb4 12. cxb4 Bb7 13. Bb2 Rfc8 14. Qb3 e5 15.
Bh3 Rd8 16. Rbc1 Bc8 17. Bg2 Be6 18. Qc3 Rac8 19. Ng5 Bxa2 20. Bh3 h6 21. Bxc8
Rxc8 22. Ngf3 Be6 23. d4 exd4 24. Nxd4 Ne8 25. Nxe6 fxe6 26. Qb3 Bxb2 27. Qxb2
Qb6 28. Re3 Rc7 29. Nf3 Rf7 30. Qc3 Nd8 31. Qd4 Qb7 32. Rec3 e5 33. Nxe5 dxe5
34. Qxd8 Rf8 35. Rc6 Qf7 36. Qd5 Qxd5 37. exd5 Nf6 38. Rd1 Ne4 39. d6 Nxf2 40.
Rf1 Nh3+ 41. Kg2 Rxf1 42. Kxf1 Kf7 43. d7 Ke7 44. Rd6 Kd8 45. Ke2 Ng5 46. Ke3
Nf7 47. Rf6 Ng5 48. h4 Nh3 49. Rd6 g5 50. Ke4 1-0

[Event "Motor City Open"]
[Site "Warren, MI"]
[Date "2002.11.30"]
[Round "5.15"]
[White "Domineck, Lasid"]
[Black "Kaminski, Trajce"]
[Result "1-0"]
[WhiteElo "1286"]
[BlackElo "1800"]
[PlyCount "75"]
[EventDate "2002.11.29"]

1. e4 e6 2. d3 d5 3. exd5 exd5 4. d4 c5 5. Be3 c4 6. g3 Nf6 7. Bg2 Nc6 8. Ne2
Bb4+ 9. c3 Ba5 10. O-O Bc7 11. Nd2 h5 12. Bg5 Be6 13. Nf4 Bxf4 14. Bxf4 h4 15.
Re1 Qd7 16. Nf3 hxg3 17. fxg3 O-O-O 18. Ne5 Nxe5 19. Bxe5 Ng4 20. h4 Nxe5 21.
Rxe5 f6 22. Re3 g5 23. Qe1 Rde8 24. hxg5 fxg5 25. Kf2 Rh2 26. Kg1 Rh6 27. Qe2
Reh8 28. Re1 Re8 29. Re5 Qd6 30. Bxd5 Bxd5 31. Rxe8+ Kc7 32. Qe7+ Qxe7 33.
R8xe7+ Kd6 34. R7e2 Rh3 35. Kf2 g4 36. Rg1 Bf3 37. Rd2 Rh8 38. Ke3 1-0

[Event "Motor City Open"]
[Site "Warren, MI"]
[Date "2002.11.30"]
[Round "4.12"]
[White "Dillabough, Tracey"]
[Black "Scott, Steven"]
[Result "1-0"]
[WhiteElo "1488"]
[BlackElo "1775"]
[Annotator "Tim McGrew"]
[PlyCount "67"]
[EventDate "2002.11.29"]

{Queen's Gambit Declined} 1. d4 Nf6 2. c4 e6 3. Nc3 d5 4. e3 ({Normally White
takes the opportunity to put the dark-square bishop outside the pawn chain
first with} 4. Bg5 {But the move Tracey plays is not bad either.}) 4... Be7 5.
Bd3 Nbd7 6. Nf3 O-O 7. O-O c6 8. b3 Re8 9. Ne5 Nxe5 10. dxe5 Nd7 11. f4 f6 12.
Qh5 f5 13. Rf3 g6 14. Qh3 Nc5 15. Bc2 d4 16. exd4 Qxd4+ 17. Re3 (17. Kh1 {
looks safer, not pinning the rook. Since White will have to step into the
corner anyway in a move or two, this would save a tempo.}) 17... Qd8 $2 {Black
withdraws too readily.} (17... Nd3 $1 {cuts off the rook from the knight at c3
and causes White real problems. Relatively best is} 18. Bxd3 Qxc3 19. Rb1 Bc5 {
when Black picks up the exchange.}) 18. Bb2 Nd7 {Clearing c5 for a bishop, so
White must take either his king or his rook off of the diagonal.} 19. Kh1 Bc5
20. Rd3 Qe7 21. Na4 Bb4 22. Nc3 (22. a3 {causes Black some immediate problems,
e.g.} Ba5 23. b4 Bc7 24. Rad1 {and White's spatial advantage is growing
alarming.}) 22... Ba5 23. g4 Bxc3 24. Bxc3 c5 25. gxf5 gxf5 $2 {Definitely the
wrong way to recapture. Now White invades on the g-file.} 26. Rg3+ Kh8 27. Rag1
b6 28. Qg2 $1 Ba6 29. Bd1 (29. Rg7 $1 {is immediately decisive since after} Qd8
{White forces mate with} 30. Rxh7+ Kxh7 31. Qg7#) 29... Rab8 (29... Rab8 30. --
{Now Black threatens} Bb7 {but White finds the correct way to meet this threat.
}) 30. Bf3 $1 Qf7 31. Rg7 $1 {There we go!} Qf8 32. Rxh7+ $1 Kxh7 33. Qg6+ $1 {
Pushing the king to a square where he cannot defend h6.} Kh8 34. Qh5+ {A very
nice finish to this 300 point upset.} 1-0

[Event "Motor City Open"]
[Site "Warren, MI"]
[Date "2002.11.30"]
[Round "5.10"]
[White "Dillabough, Tracey"]
[Black "Garrison, Ray"]
[Result "1-0"]
[WhiteElo "1488"]
[BlackElo "1874"]
[Annotator "Tim McGrew"]
[PlyCount "23"]
[EventDate "2002.11.29"]

{Dutch: Raphael Tracey Dillabough had several fine upsets in this tournament
and turned in a performance rating well over 1900. This game is particularly
startling: it isn't often that one knocks off an opponent rated about 400
points higher in just twelve moves!} 1. d4 f5 2. Nc3 d5 3. h3 $5 {A very sharp
idea. White wants to break Black's grip on e4 and is willing to burn a pawn to
do it. Part of the justification is Black's rather loose pawn structure,
courtesy of his first move. Whether the idea is wholly correct or not, it is
certain that Black will have to play accurately. And up to a point he does.}
Nf6 4. g4 fxg4 5. hxg4 Bxg4 6. Qd3 Nc6 7. Bg5 {White wants the h7 pawn, so the
knight must go.} Qd7 8. Bxf6 gxf6 9. Rxh7 Bf5 $2 {This looks good, but Tracey
finds a tremendous counter-shot.  DIAGRAM White to Move - Find the Shot!} ({
The right way to defend is} 9... Rxh7 $1 10. Qxh7 Nxd4 (10... O-O-O $1 11.
O-O-O e5 {and White must trade queens, when Black's pair of bishops gives him
a slight edge.}) 11. Qg6+ $1 Kd8 12. O-O-O {with chances for both sides.}) 10.
Bh3 $3 {This cross-pin wins material.} Bxh3 $2 (10... Bxh3 {Shocked, Ray walks
into a second tactical shot. Probably, he was expecting} 11. Rxh8 Bf5 {when
Black is worse but can play on. Tracey's next move nixes that idea.}) ({
Black's best defense is} 10... Bxd3 11. Bxd7+ Kxd7 12. Rxh8 Bxc2 13. Rc1 {
White stands much better, but Black would not need to resign quite yet.}) 11.
Qg6+ $1 {Driving the king away from the defense of f8.} Kd8 12. Rxh8 {There is
no way to defend the bishop on f8 without dropping the bishop on h3. A
remarkableminiature!} 1-0

[Event "Motor City Open"]
[Site "Warren, MI"]
[Date "2002.11.30"]
[Round "5.1"]
[White "Davidovich, Manis"]
[Black "Finegold, Ben"]
[Result "0-1"]
[WhiteElo "2000"]
[BlackElo "2643"]
[Annotator "Tim McGrew"]
[PlyCount "68"]
[EventDate "2002.11.29"]

{Sicilian: Scheveningen (Velimirovic)} 1. e4 c5 2. Nf3 Nc6 3. d4 cxd4 4. Nxd4
Nf6 5. Nc3 d6 6. Bc4 e6 7. Be3 Be7 8. Qe2 a6 9. O-O-O O-O 10. Rhg1 Qc7 11. Bb3
Nd7 12. g4 Nc5 13. Nf5 {Don't get excited -- this is all theory! The knight
sacrifice is an offer Black must refuse.} b5 ({After} 13... exf5 14. gxf5 Nxb3+
15. axb3 {the combination of the open g-file and the d5 square, through which
White can transfer a knight to the king-side with a gain of time, proves too
much for Black's defenses. If you disbelieve this, then perhaps the Sicilian
isn't the opening for you!}) 14. Bd5 Bb7 15. Bxc6 $6 {If one wants to play
these ultra-sharp lines, one needs to know all of their nuances. The exchange
looks good superficially, but it leaves White without the resources to break
through on the king-side.} ({The right way to play is the resolute} 15. g5 $1
exf5 16. exf5 {intending g6, e.g.} b4 $2 17. g6 $1 {Note the role played by
White's light-square bishop, which pins the pawn at f7!} bxc3 (17... hxg6 18.
fxg6 bxc3 19. Qh5 {mates shortly.}) 18. Qh5 $1 cxb2+ 19. Kb1 h6 20. gxf7+ Kh8
21. Bxh6 $1 {and White is mating. What all of this proves is that Black
probably cannot take the knight at move 15 and survive. But in that case White
has gotten away with the strengthening of his attack by g5 at no cost.}) 15...
Bxc6 16. Nd5 {Hoping for the wrong recapture, but Ben isn't greedy.} Bxd5 $1 {
Forcing the exchange of yet more minor pieces.} (16... exd5 $2 17. exd5 Bxd5
18. Rxd5 $16) 17. Nxe7+ Qxe7 18. exd5 Rac8 {This position illustrates an
important truth about the Sicilian: when the king-side attack flames out, the
resulting positions tend to favor Black. There is no single crushing defect in
White's position, but he has no decent targets and his pawns are somewhat
exposed.} 19. g5 {White doesn't seem to understand that the king-side attack
is dead. Instead of flinging things forward on the wing, he should be thinking
about consolidating.} Rc7 20. Rg4 Rfc8 21. Rh4 g6 22. Qg4 e5 23. f4 exf4 24.
Bd4 Qe4 {This wins, but there is a more elegant solution.} (24... Nd3+ $1 25.
Rxd3 (25. Kb1 Qe4 26. Bc3 (26. cxd3 Qxd3+ $1 27. Ka1 Rc1+ 28. Rxc1 Rxc1#) (26.
Rxd3 Rxc2 $19) 26... Nf2 $19) 25... Rxc2+ 26. Kd1 Rc1+ 27. Kd2 R8c2#) 25. c3
Nd3+ 26. Kd2 Ne5 (26... Nxb2 {is also very effective.}) 27. Bxe5 dxe5 28. Qh3
Rd8 29. Kc1 h5 $1 {Scotching all counterplay that might have arisen from Rxh7.}
30. gxh6 Kh7 31. Qg4 Rxd5 32. Rg1 Rcd7 {There is a certain poetic justice to
this position: White's pieces are clustered on the kingside looking for a
breakthrough that doesn't exist, while Black's heavy artillery dominates the
open central file.} 33. Qg5 Rd2 34. Qf6 Qc2# 0-1

[Event "Motor City Open"]
[Site "Warren, MI"]
[Date "2002.11.30"]
[Round "4.3"]
[White "Davidovich, Manis"]
[Black "Ferenti, Cornel"]
[Result "1-0"]
[WhiteElo "2000"]
[BlackElo "2169"]
[PlyCount "67"]
[EventDate "2002.11.29"]

1. e4 c5 2. Nf3 Nc6 3. d4 cxd4 4. Nxd4 Qb6 5. Nb3 Nf6 6. Nc3 e6 7. a3 a6 8. Bc4
Qc7 9. Qe2 Be7 10. f4 b5 11. Bd3 b4 12. axb4 Nxb4 13. O-O Bb7 14. Be3 d6 15.
Ra5 d5 16. exd5 Nfxd5 17. Nxd5 Bxd5 18. c4 Bb7 19. Bb1 Rc8 20. Rc1 Qc6 21. Nc5
Qb6 22. Nxb7 Qxb7 23. Bd4 Rd8 24. Qf2 Rxd4 25. Qxd4 Nc6 26. Qxg7 Rf8 27. Rh5
Qb6+ 28. c5 Qb4 29. Qc3 Qxf4 30. Rf1 Qg4 31. Qf3 Qd4+ 32. Kh1 Qd7 33. Bxh7 e5
34. Bf5 1-0

[Event "Motor City Open"]
[Site "Warren, MI"]
[Date "2002.11.30"]
[Round "3.18"]
[White "Cottrell-Finegold, Kelly"]
[Black "Raban, David"]
[Result "0-1"]
[WhiteElo "1384"]
[BlackElo "1668"]
[PlyCount "58"]
[EventDate "2002.11.29"]

1. d4 Nf6 2. Nf3 g6 3. c4 Bg7 4. Nc3 O-O 5. e4 d6 6. Bd3 Nbd7 7. O-O c5 8. Be3
Ng4 9. Bc2 cxd4 10. Nxd4 Nxe3 11. fxe3 Ne5 12. Bb3 Kh8 13. Qd2 Bd7 14. Nf3 f5
15. exf5 gxf5 16. Rf2 Ng4 17. Rff1 Bc6 18. Nd4 Qb6 19. Kh1 Nxe3 20. Qxe3 Bxd4
21. Qxe7 Rg8 22. Nd5 Bxd5 23. cxd5 Rae8 24. Qh4 Re2 25. Rab1 Rexg2 26. Qh6 Be5
27. Rfe1 Rxh2+ 28. Qxh2 Bxh2 29. Kxh2 Qf2+ 0-1

[Event "Motor City Open"]
[Site "Warren, MI"]
[Date "2002.11.30"]
[Round "3.10"]
[White "Comstock, Ron"]
[Black "Robertson, John"]
[Result "1-0"]
[WhiteElo "1874"]
[BlackElo "1572"]
[PlyCount "47"]
[EventDate "2002.11.29"]

1. Nf3 Nf6 2. d4 d5 3. c4 e6 4. g3 dxc4 5. Qa4+ Nbd7 6. Qxc4 c5 7. Bg2 Bd6 8.
Nc3 Qc7 9. Nb5 Qb6 10. Nxd6+ Qxd6 11. Bf4 Qb6 12. dxc5 Nxc5 13. Be3 Qxb2 14.
O-O Ncd7 15. Rab1 Qa3 16. Nd4 O-O 17. Nb5 Qa5 18. Rfd1 Ne5 19. Qb3 Bd7 20. Nd6
Ba4 21. Qa3 b6 22. Bd2 Qc5 23. Bb4 Qc2 24. Bxa8 1-0

[Event "Motor City Open"]
[Site "Warren, MI"]
[Date "2002.11.30"]
[Round "5.14"]
[White "Comstock, Ron"]
[Black "Montgomery, Deaundray"]
[Result "1-0"]
[WhiteElo "1824"]
[BlackElo "1482"]
[PlyCount "61"]
[EventDate "2002.11.29"]

1. Nf3 Nf6 2. d4 g6 3. c4 Bg7 4. g3 O-O 5. Bg2 d6 6. O-O Nbd7 7. Nc3 e5 8. e4
Re8 9. h3 exd4 10. Nxd4 Ne5 11. b3 a6 12. f4 Ned7 13. Bb2 c5 14. Nc2 Nf8 15.
Ne3 Nxe4 16. Bxe4 Bxc3 17. Bxc3 Rxe4 18. Nd5 Nd7 19. Qf3 Re8 20. Kh2 Rb8 21.
Bb2 f6 22. Rf2 b5 23. f5 g5 24. Qc3 b4 25. Qf3 Bb7 26. h4 h6 27. Qh5 Kg7 28.
Qg6+ Kf8 29. Qxh6+ Kg8 30. Nxf6+ Nxf6 31. Bxf6 1-0

[Event "Motor City Open"]
[Site "Warren, MI"]
[Date "2002.11.30"]
[Round "3.31"]
[White "Collins, Charles"]
[Black "Brown, JaMonte"]
[Result "1-0"]
[WhiteElo "1710"]
[BlackElo "893"]
[PlyCount "25"]
[EventDate "2002.11.29"]

1. d4 d5 2. c4 Nf6 3. g3 dxc4 4. Bg2 Nc6 5. Nf3 Bf5 6. O-O Be4 7. Na3 Qd5 8.
Qa4 Bxf3 9. Bxf3 Qd6 10. Rd1 Rd8 11. Nb5 Qd7 12. Bf4 Nxd4 13. Nxc7# 1-0

[Event "Motor City Open"]
[Site "Warren, MI"]
[Date "2002.12.01"]
[Round "6.26"]
[White "Zaremba, Anatoli"]
[Black "Li, Derek"]
[Result "1-0"]
[WhiteElo "1137"]
[BlackElo "1434"]
[Annotator "Tim McGrew"]
[PlyCount "81"]
[EventDate "2002.11.29"]

1. d4 Nf6 2. c4 g6 3. Nc3 Bg7 4. Nf3 d6 5. e3 O-O 6. Bd3 c5 7. d5 Bg4 8. h3
Bxf3 9. Qxf3 Nbd7 10. O-O Ne5 11. Qe2 Nxd3 12. Qxd3 Qc7 13. Re1 a6 14. Bd2 Rac8
15. a4 Rfe8 16. e4 Qb6 17. f4 Nh5 18. e5 Qc7 19. exd6 Qxd6 20. f5 Qg3 21. Qxg3
Nxg3 22. fxg6 hxg6 23. Kh2 Nf5 24. Ne4 Nd4 25. Rab1 f5 26. Ng5 Nb3 27. Bf4 Bh6
28. Ne6 Bxf4+ 29. Nxf4 Nd4 30. Nxg6 Kf7 31. Nf4 e5 32. dxe6+ Nxe6 33. Re5 Kf6 {
DIAGRAM White to Move. Are we in for a long endgame here, perhaps one where
the lower-rated player misses his chances and allowscounterplay?} 34. Rbe1 $1 {
No!} Rc6 35. Rxe6+ $1 {One of the most useful tricks to learn is how to
simplify into a clearly won endgame. White's technique here is excellent: with
the outside passed pawn, he is bound to win when the pieces come off the board.
} Rcxe6 36. Rxe6+ Rxe6 37. Nxe6 Kxe6 38. Kg3 Kf6 39. Kf4 Kg6 {Now it is time
to get rid of Black's f-pawn, leaving only the decoy on the king-side.} 40. g4
fxg4 41. Kxg4 {White's king will eliminate Black's queen-side while Black's
king is busy trying to capture the White h-pawn.} 1-0

[Event "Motor City Open"]
[Site "Warren, MI"]
[Date "2002.12.01"]
[Round "7.12"]
[White "Wood, Jack"]
[Black "Wilson, Vester"]
[Result "1/2-1/2"]
[WhiteElo "1450"]
[BlackElo "2087"]
[PlyCount "40"]
[EventDate "2002.11.29"]

1. e4 e5 2. Nc3 Bc5 3. g3 Qf6 4. Qe2 Nc6 5. Nd5 Qd6 6. c3 Nf6 7. b4 Bb6 8. Nxb6
axb6 9. Bg2 Nxb4 10. cxb4 Qxb4 11. Qe3 Ra4 12. f3 O-O 13. Qc3 Qxc3 14. dxc3 d5
15. Bg5 dxe4 16. Bxf6 exf3 17. Bxf3 gxf6 18. Ne2 Bh3 19. Bxb7 f5 20. Kf2 e4 {
Remainder illegible, 47?} 1/2-1/2

[Event "Motor City Open"]
[Site "Warren, MI"]
[Date "2002.12.01"]
[Round "6.23"]
[White "Vlacic, Mirko"]
[Black "Williams, Marcus"]
[Result "1/2-1/2"]
[WhiteElo "1534"]
[BlackElo "1227"]
[PlyCount "98"]
[EventDate "2002.11.29"]

1. f4 e5 2. d3 d6 3. Nf3 Nc6 4. e4 Bg4 5. Be2 Nf6 6. f5 g6 7. h3 Bxf3 8. Bxf3
h5 9. Bg5 Be7 10. fxg6 fxg6 11. c3 Nd7 12. Bxe7 Qxe7 13. h4 O-O-O 14. Na3 Rdf8
15. Qd2 Qf7 16. b3 Qf4 17. Qxf4 Rxf4 18. Nc2 Nc5 19. Kd2 Ne6 20. Ne3 Ne7 21. a4
c6 22. b4 Kc7 23. Ke2 Rhf8 24. Raf1 R4f6 25. g3 b6 26. Bg2 Rxf1 27. Rxf1 Rxf1
28. Kxf1 c5 29. Bh3 Nf8 30. b5 Nd7 31. Kf2 Nb8 32. Bg2 Kd7 33. Nc2 Ke6 34. Ke3
d5 35. c4 d4+ 36. Kf2 Nd7 37. Bh3+ Kd6 38. Ne1 Nf6 39. Nf3 Neg8 40. Ng5 Nh6 41.
Kf3 Nfg4 42. Ke2 Kc7 43. Ne6+ Kd6 44. Nf8 Ke7 45. Nxg6+ Kf7 46. Nf4 exf4 47.
gxf4 Kf6 48. Kf3 Ne3 49. e5+ Ke7 1/2-1/2

[Event "Motor City Open"]
[Site "Warren, MI"]
[Date "2002.12.01"]
[Round "6.8"]
[White "Vandivier, Don"]
[Black "Haidukewych, Dan"]
[Result "1-0"]
[WhiteElo "1945"]
[BlackElo "1663"]
[Annotator "Don Vandivier"]
[PlyCount "29"]
[EventDate "2002.11.29"]

{Sicilian: Sozin (Magnus Smith Trap) Haidukewych is one of those chess players
who play with natural talent and never studies openings. If he makes it past
the opening you have a tough game ahead of you - that's why it's important to
know your openings, so you can crush your opponent in a few moves when they
slip up.} 1. e4 c5 2. Nf3 Nc6 3. d4 cxd4 4. Nxd4 d6 5. Nc3 Nf6 6. Bc4 g6 7.
Nxc6 bxc6 8. e5 Ng8 $6 (8... dxe5 $4 9. Bxf7+ Kxf7 10. Qxd8) (8... Ng4) 9. exd6
e5 $2 10. Qf3 Nf6 (10... Qd7 11. Bxf7+ $1 Qxf7 12. Qxc6+) 11. Bg5 Bg7 12. Ne4
Qa5+ 13. c3 Nd5 {DIAGRAM White has a crushing move - do you see it?} 14. d7+ $3
{After looking this move over, my opponent asked me if he could castle when in
check. I laughed at his joke and was surprised when actually reached down and
did it. After I protested he played the only move which avoids mate.} Kf8 15.
d8=Q+ 1-0

[Event "Motor City Open"]
[Site "Warren, MI"]
[Date "2002.12.01"]
[Round "6.29"]
[White "Taliaferro II, Robert"]
[Black "Vasos, Brandon"]
[Result "0-1"]
[WhiteElo "1050"]
[BlackElo "1313"]
[PlyCount "69"]
[EventDate "2002.11.29"]

1. e4 e6 2. c4 c5 3. Nc3 Ne7 4. g3 b6 5. Bg2 Bb7 6. Nge2 f5 7. O-O g6 8. b3 Bg7
9. Bb2 fxe4 10. Nxe4 Bxb2 11. Nd6+ Kf8 12. Nxb7 Qc7 13. Rb1 Nbc6 14. Rxb2 Qxb7
15. b4 cxb4 16. Rxb4 Qc7 17. Rb1 Rc8 18. d3 Kg7 19. Qc2 Nf5 20. Qb2+ Qe5 21.
Bxc6 Qxb2 22. Rxb2 dxc6 23. Nf4 e5 24. Nh3 Kf6 25. g4 Nd4 26. Kg2 Rcd8 27. Rd1
Ne6 28. Kg3 Rd4 29. f3 Rhd8 30. Nf2 Nf4 31. Rbd2 h5 32. Ne4+ Kf7 33. Ng5+ Ke7
34. gxh5 gxh5 35. Re1 {Remainder illegible, 62?} 0-1